Network Theory (Record no. 3621)
[ view plain ]
| 000 -LEADER | |
|---|---|
| fixed length control field | 00305nam a2200133Ia 4500 |
| 008 - FIXED-LENGTH DATA ELEMENTS--GENERAL INFORMATION | |
| fixed length control field | 191201s2008 xx 000 0 und d |
| 082 ## - DEWEY DECIMAL CLASSIFICATION NUMBER | |
| Classification number | 004.678 |
| Item number | SON |
| 100 ## - MAIN ENTRY--PERSONAL NAME | |
| Personal name | SONI, K.M. |
| 245 #0 - TITLE STATEMENT | |
| Title | Network Theory |
| 260 ## - PUBLICATION, DISTRIBUTION, ETC. (IMPRINT) | |
| Place of publication, distribution, etc | N.Delhi |
| Name of publisher, distributor, etc | katson |
| Date of publication, distribution, etc | 2008 |
| 300 ## - PHYSICAL DESCRIPTION | |
| Extent | 385+2 |
| 650 ## - SUBJECT ADDED ENTRY--TOPICAL TERM | |
| Topical term or geographic name as entry element | B.Tech(ECE) |
| 942 ## - ADDED ENTRY ELEMENTS (KOHA) | |
| Source of classification or shelving scheme | Dewey Decimal Classification |
| Koha item type | Text Books |
| Withdrawn status | Lost status | Source of classification or shelving scheme | Damaged status | Not for loan | Collection code | Home library | Current library | Date acquired | Source of acquisition | Cost, normal purchase price | Bill Number | Total Checkouts | Full call number | Acc. no. / Barcode | Date last seen | Bill Date | Koha item type | Date last borrowed |
|---|---|---|---|---|---|---|---|---|---|---|---|---|---|---|---|---|---|---|
| Dewey Decimal Classification | B.Tech(ECE) | PIET C-LIBRARY | PIET C-LIBRARY | 20/11/2008 | J B C, New Delhi | 195.00 | SI-4396 | 004.678 SON | 10170 | 04/12/2019 | 17/11/2008 | Text Books | ||||||
| Dewey Decimal Classification | B.Tech(ECE) | PIET C-LIBRARY | PIET C-LIBRARY | 20/11/2008 | J B C, New Delhi | 195.00 | SI-4396 | 004.678 SON | 10171 | 04/12/2019 | 17/11/2008 | Text Books | ||||||
| Dewey Decimal Classification | B.Tech(ECE) | PIET C-LIBRARY | PIET C-LIBRARY | 20/11/2008 | J B C, New Delhi | 195.00 | SI-4396 | 1 | 004.678 SON | 10172 | 24/09/2025 | 17/11/2008 | Text Books | 11/09/2025 | ||||
| Dewey Decimal Classification | B.Tech(ECE) | PIET C-LIBRARY | PIET C-LIBRARY | 20/11/2008 | J B C, New Delhi | 195.00 | SI-4396 | 004.678 SON | 10173 | 04/12/2019 | 17/11/2008 | Text Books | ||||||
| Dewey Decimal Classification | B.Tech(ECE) | PIET C-LIBRARY | PIET C-LIBRARY | 20/11/2008 | J B C, New Delhi | 195.00 | SI-4396 | 004.678 SON | 10174 | 04/12/2019 | 17/11/2008 | Text Books | ||||||
| Dewey Decimal Classification | B.Tech(ECE) | PIET C-LIBRARY | PIET C-LIBRARY | 20/11/2008 | J B C, New Delhi | 195.00 | SI-4396 | 004.678 SON | 10175 | 04/12/2019 | 17/11/2008 | Text Books | ||||||
| Dewey Decimal Classification | B.Tech(ECE) | PIET C-LIBRARY | PIET C-LIBRARY | 20/11/2008 | J B C, New Delhi | 195.00 | SI-4396 | 1 | 004.678 SON | 10176 | 15/02/2021 | 17/11/2008 | Text Books | 04/02/2021 | ||||
| Dewey Decimal Classification | B.Tech(ECE) | PIET C-LIBRARY | PIET C-LIBRARY | 20/11/2008 | J B C, New Delhi | 195.00 | SI-4396 | 004.678 SON | 10177 | 04/12/2019 | 17/11/2008 | Text Books | ||||||
| Dewey Decimal Classification | B.Tech(ECE) | PIET C-LIBRARY | PIET C-LIBRARY | 20/11/2008 | J B C, New Delhi | 195.00 | SI-4396 | 1 | 004.678 SON | 10178 | 21/11/2025 | 17/11/2008 | Text Books | 11/11/2025 | ||||
| Dewey Decimal Classification | B.Tech(ECE) | PIET C-LIBRARY | PIET C-LIBRARY | 20/11/2008 | J B C, New Delhi | 195.00 | SI-4396 | 004.678 SON | 10179 | 11/12/2019 | 17/11/2008 | Text Books |